| Tag |
First Indicator |
Second Indicator |
Subfields |
| LEADER |
00000cam a2200000 a 4500 |
| 001 |
in00001069273 |
| 005 |
20150929093017.0 |
| 008 |
841204s1984 txuab bs s00010 eng d |
| 035 |
|
|
|a (OCoLC)11452345
|
| 035 |
|
|
|9 AFM7625AM
|
| 040 |
|
|
|a IKM
|c IKM
|d UtOrBLW
|
| 049 |
|
|
|a IKMd
|
| 086 |
|
|
|a Z TA245.7 M681 no.1560
|2 txdocs
|
| 099 |
|
|
|a Z
|a TA245.7
|a M681
|a no.1560
|
| 100 |
1 |
|
|a Rosson, Parr.
|
| 245 |
1 |
0 |
|a Japan, its agricultural policy environment and grain marketing infrastructure /
|c [authors, C. Parr Rosson, Thomas L. Sporleder].
|
| 264 |
|
1 |
|a College Station, Tex. :
|b Texas Agricultural Experiment Station, Texas A&M University System,
|c [1984]
|
| 300 |
|
|
|a 13 pages :
|b 2 illustrations, 2 maps ;
|c 28 cm.
|
| 336 |
|
|
|a text
|b txt
|2 rdacontent
|
| 337 |
|
|
|a unmediated
|b n
|2 rdamedia
|
| 338 |
|
|
|a volume
|b nc
|2 rdacarrier
|
| 490 |
1 |
|
|a MP ;
|v -1560
|
| 500 |
|
|
|a "8-84."
|
| 504 |
|
|
|a Bibliography: page 13.
|
| 651 |
|
0 |
|a Japan
|x Commercial policy.
|
| 651 |
|
0 |
|a Texas
|x Commerce.
|
| 651 |
|
0 |
|a Japan
|x Commerce.
|
| 650 |
|
0 |
|a Grain trade
|z Texas.
|
| 650 |
|
0 |
|a Grain trade
|z Japan.
|
| 700 |
1 |
|
|a Sporleder, Thomas L.
|
| 710 |
2 |
|
|a Texas Agricultural Experiment Station.
|
| 830 |
|
0 |
|a Miscellaneous publication (Texas Agricultural Experiment Station) ;
|v no.1560.
|
| 999 |
|
|
|a MARS
|
| 999 |
f |
f |
|s 77ba71c5-6aa5-3ff9-a908-25078233ae59
|i 3b4c79c0-8428-392d-9a43-c95e6d2b090a
|t 0
|
| 952 |
f |
f |
|p normal
|a Texas A&M University
|b College Station
|c Sterling C. Evans Library
|d Evans: Preservation Digitization (see AskUs desk for assistance)
|t 0
|e Z TA245.7 M681 no.1560
|h Superintendent of Documents classification
|i unmediated -- volume
|m A14838314422
|
| 998 |
f |
f |
|a Z TA245.7 M681 no.1560
|t 0
|l Evans: Texas Documents (Annex 5th floor)
|